| 000 | 00928nam a2200289 i 4500 | ||
|---|---|---|---|
| 001 | 000030942 | ||
| 003 | DO-SdBNP | ||
| 005 | 20260211082610.0 | ||
| 007 | ta | ||
| 008 | 260211s1985 dr r 000 0 spa d | ||
| 040 |
_aDO-SdBNP _bspa _cBNPHU _erda |
||
| 041 | _aspa | ||
| 082 |
_a972.93054 _bS998d _222 |
||
| 100 | 1 |
_aSzulc, Tad. _eautor _957453 |
|
| 245 | 1 | 0 |
_aDominican diary / _cTad Szulc. |
| 264 |
_aNew York : _bDelacorte Press, _c1985 |
||
| 300 |
_a319 páginas : _bilustraciones ; _c22 cm. |
||
| 336 |
_ardacontent _btexto _2txt |
||
| 337 |
_ardamedia _bsin mediación _2n |
||
| 338 |
_ardacarrier _bvolumen _2nc |
||
| 590 | _aInventariado, 2026/DG | ||
| 651 | 0 |
_aRepública Dominicana -- _xHistoria -- _y1961- _96572 |
|
| 651 | 4 |
_aEstados Unidos _xRelaciones Exteriores _zRepública Dominicana _96309 |
|
| 651 | 4 |
_aRepública Dominicana _xRelaciones Exteriores _zEstados Unidos _96308 |
|
| 910 | _aDG | ||
| 942 |
_2ddc _cLBS1 |
||
| 999 |
_c60293 _d60293 |
||